| 000 | 00747nam a22002177a 4500 | ||
|---|---|---|---|
| 999 |
_c16861 _d16861 |
||
| 003 | AR-CdUCM | ||
| 008 | 190506b ||||| |||| 00| 0 spa d | ||
| 040 |
_aMUNICIPALIDAD PROVINCIAL DEL CUSCO _cBIBLIOTECA MUNICIPAL DEL CUSCO |
||
| 082 |
_a320.973 / _bP42 |
||
| 100 |
_aPenniman, Howard R. _936563 |
||
| 245 | _aEl proceso político norteamericano / | ||
| 260 |
_aBuenos Aires : _bIndice, _c1962. |
||
| 300 |
_a262 páginas : _c19 cm. |
||
| 505 | _aContenido : Introducción -- El electorado -- Visión política de los votantes -- Factores de poder ... | ||
| 650 |
_aSociología _9276 |
||
| 650 |
_aPolítica _9291 |
||
| 650 |
_aElectorados _936564 |
||
| 700 |
_aMarriott, Ralph _936565 |
||
| 942 |
_2ddc _cLIBROS |
||
| 945 |
_arah _d06/05/2019 |
||